[Event "ICS rated blitz match"]
[Site "204.178.125.65"]
[Date "2001.08.09"]
[Round "?"]
[White "Hossa"]
[Black "cfd"]
[Result "1-0"]
[WhiteElo "2499"]
[BlackElo "2145"]
[PlyCount "27"]
[EventDate "2001.??.??"]

1. e4 e6 2. Qe2 Qe7 3. d3 d6 4. Be3 g6 5. Nc3 Bg7 6. O-O-O c5 7. h4 h5 8. d4
cxd4 9. Bxd4 Nf6 10. e5 dxe5 11. Bxe5 Nc6 12. Bd6 Qd8 13. Nb5 Nd5 14. Rxd5 {
cfd resigns} 1-0

[Event "ICS rated blitz match"]
[Site "204.178.125.65"]
[Date "2001.08.09"]
[Round "?"]
[White "eyesofkubrick"]
[Black "Hossa"]
[Result "0-1"]
[WhiteElo "2188"]
[BlackElo "2503"]
[PlyCount "58"]
[EventDate "2001.??.??"]

1. d4 Nf6 2. c4 e6 3. Nf3 b6 4. g3 Ba6 5. b3 d5 6. cxd5 exd5 7. Bg2 Bd6 8. Bb2
O-O 9. Ne5 Re8 10. O-O c6 11. f4 Bb7 12. Nd2 Nbd7 13. Rc1 Rc8 14. e4 Bb4 15.
exd5 Nxd5 16. Bxd5 Nxe5 17. dxe5 cxd5 18. Nf3 Rxc1 19. Qxc1 Qd7 20. Bd4 Ba6 21.
Rf2 Bd3 22. Qe3 Bg6 23. Bc3 Bc5 24. Bd4 Be7 25. Rd2 Be4 26. Qf2 Qg4 27. Ne1 Rc8
28. Nc2 Rxc2 29. Rxc2 Qd1+ {eyesofkubrick resigns} 0-1

[Event "ICS rated blitz match"]
[Site "204.178.125.65"]
[Date "2001.08.09"]
[Round "?"]
[White "Hossa"]
[Black "delta"]
[Result "1/2-1/2"]
[WhiteElo "2507"]
[BlackElo "2264"]
[PlyCount "40"]
[EventDate "2001.??.??"]

1. d4 Nf6 2. c4 e6 3. Nc3 Bb4 4. Bg5 c5 5. d5 d6 6. e3 Bxc3+ 7. bxc3 e5 8. Bd3
h6 9. Bxf6 Qxf6 10. Ne2 O-O 11. O-O Nd7 12. Ng3 Re8 13. Qh5 Qd8 14. Nf5 Nf6 15.
Nxh6+ gxh6 16. Qxh6 e4 17. Qg5+ Kf8 18. Qh6+ Kg8 19. Qg5+ Kf8 20. Qh6+ Kg8 {
Game drawn by repetition} 1/2-1/2

[Event "ICS rated blitz match"]
[Site "204.178.125.65"]
[Date "2001.08.09"]
[Round "?"]
[White "Hossa"]
[Black "eyesofkubrick"]
[Result "1-0"]
[WhiteElo "2497"]
[BlackElo "2182"]
[PlyCount "87"]
[EventDate "2001.??.??"]

1. d4 d5 2. Nc3 c6 3. e4 dxe4 4. Nxe4 g6 5. Nf3 Bg7 6. Bc4 Nf6 7. Nxf6+ exf6 8.
Qe2+ Qe7 9. Qxe7+ Kxe7 10. O-O Be6 11. Re1 Kd7 12. Be2 b5 13. Bf4 a5 14. Nd2 a4
15. Ne4 Na6 16. c3 f5 17. Nd2 Nc7 18. Nf1 Nd5 19. Bd2 f4 20. Rac1 Rab8 21. b3
axb3 22. axb3 g5 23. b4 Nb6 24. h4 h6 25. Rc2 Bd5 26. Bg4+ Be6 27. Bh5 Nc4 28.
Bc1 Ra8 29. Rce2 Ra1 30. Nh2 Rha8 31. Bxf7 Bxf7 32. Re7+ Kd6 33. Rxf7 R8a7 34.
Rxg7 Rxg7 35. Bxf4+ gxf4 36. Rxa1 Kd5 37. Re1 Nd2 38. Re5+ Kd6 39. f3 Nb1 40.
Rc5 h5 41. Nf1 Re7 42. g3 fxg3 43. Nxg3 Re3 44. Nf5+ {eyesofkubrick resigns}
1-0

[Event "ICS rated standard match"]
[Site "204.178.125.65"]
[Date "2001.08.09"]
[Round "?"]
[White "ChesterX"]
[Black "Hossa"]
[Result "1-0"]
[WhiteElo "2544"]
[BlackElo "2172"]
[PlyCount "202"]
[EventDate "2001.??.??"]

1. e4 c5 2. Nf3 Nc6 3. d4 cxd4 4. Nxd4 e6 5. Nc3 d6 6. f4 Be7 7. Bb5 Bd7 8. Be3
Nf6 9. O-O O-O 10. f5 Qc7 11. Qe2 a6 12. Nxc6 Bxc6 13. Bxc6 bxc6 14. fxe6 fxe6
15. Rf2 Rab8 16. b3 d5 17. exd5 Nxd5 18. Nxd5 exd5 19. Raf1 Qe5 20. Qd3 Qe4 21.
Qxe4 dxe4 22. Rd1 Rxf2 23. Kxf2 Rd8 24. Rxd8+ Bxd8 25. c4 Kf7 26. b4 Ke6 27.
Bd4 g5 28. g4 Bc7 29. Ke3 Bxh2 30. Kxe4 Bd6 31. Bc3 Bf4 32. a4 Bc7 33. Bd4 Bf4
34. Bc5 Bc7 35. Bg1 Bf4 36. Bd4 Bd2 37. Bc5 Bf4 38. b5 axb5 39. cxb5 cxb5 40.
axb5 Bc7 41. Bf2 Bf4 42. b6 Kd6 43. Kf5 Kc6 44. Bg1 Kd6 45. Kf6 Be5+ 46. Kxg5
Bg7 47. Kf5 Bc3 48. Bc5+ Kd7 49. Be3 Bb2 50. Ke4 Kc6 51. Bd4 Ba3 52. Bg1 Bb2
53. Bf2 Bg7 54. Bd4 Bf8 55. Be3 Bg7 56. Kf5 Kd7 57. Bg1 Bc3 58. Ke4 Kc6 59. Bd4
Bd2 60. Kf5 Kb7 61. Bc5 Kc6 62. Ke4 Be1 63. Kf4 Bc3 64. Be3 Bg7 65. Bf2 Kd6 66.
Kf3 Kc6 67. Ke4 Bc3 68. Kf5 Kd7 69. Bc5 Bg7 70. Kf4 Kc6 71. Bg1 Bc3 72. Bc5 Bg7
73. Ke4 Bb2 74. Kf5 Kd7 75. Kg5 Bg7 76. Bf2 Kd6 77. Kf4 Bc3 78. Ke3 Kc6 79. Kd3
Ba5 80. Bd4 Bb4 81. Ke3 Be1 82. Kf4 Bh4 83. Kf5 Kd7 84. Ke5 Kc6 85. Be3 Be7 86.
Ke6 Ba3 87. Kf7 Bb2 88. Kg8 h6 89. Kh7 Ba3 90. Kxh6 Bf8+ 91. Kg6 Be7 92. g5 Kb7
93. Kh6 Bf8+ 94. Kh7 Bb4 95. g6 Bc3 96. g7 Ka6 97. g8=Q Kb5 98. b7 Be5 99. Qe8+
Kc4 100. Qxe5 Kd3 101. Bf4 Kc2 {Hossa resigns} 1-0

[Event "ICS rated blitz match"]
[Site "204.178.125.65"]
[Date "2001.08.09"]
[Round "?"]
[White "Hossa"]
[Black "QuarkX"]
[Result "1-0"]
[WhiteElo "2505"]
[BlackElo "2627"]
[PlyCount "119"]
[EventDate "2001.??.??"]

1. d4 Nf6 2. c4 g6 3. Nc3 Bg7 4. e4 d6 5. f3 O-O 6. Be3 e5 7. Nge2 c6 8. Qd2
Nbd7 9. d5 cxd5 10. cxd5 a6 11. g4 h5 12. h3 Nh7 13. gxh5 Qh4+ 14. Kd1 gxh5 15.
Rg1 f5 16. Bh6 Rf7 17. Ng3 Nc5 18. Nxf5 Bxf5 19. exf5 Kh8 20. Rg6 Bxh6 21. Qxh6
Qb4 22. Qxh5 Na4 23. Rc1 Qd4+ 24. Ke1 Qe3+ 25. Ne2 Nxb2 26. Rc3 Nd3+ 27. Kd1
Raf8 28. Rg3 Qf2 29. Rxd3 Qxf1+ 30. Kd2 Qb1 31. a3 Rc7 32. Rc3 Qb2+ 33. Kd3
Rxc3+ 34. Nxc3 Rc8 35. Ne2 Qxa3+ 36. Kd2 Qb4+ 37. Ke3 Qc5+ 38. Kd2 Qa5+ 39. Ke3
Qxd5 40. f6 Qc5+ 41. Kd2 Qb4+ 42. Ke3 Qe1 43. Kd3 Qb1+ 44. Ke3 Qb6+ 45. Kd2
Qa5+ 46. Ke3 Qc7 47. Qh6 Qc5+ 48. Kd2 Rc7 49. Ke1 Qb4+ 50. Kf2 Qb6+ 51. Kg2 Qb5
52. Ng1 Qd3 53. Rg7 Rc2+ 54. Kh1 Rc8 55. Rxb7 Rg8 56. Rb8 Qg6 57. Qxg6 Nxf6 58.
Qxf6+ Kh7 59. Rb7+ Rg7 60. Qxg7# {QuarkX checkmated} 1-0

[Event "ICS rated blitz match"]
[Site "204.178.125.65"]
[Date "2001.08.09"]
[Round "?"]
[White "QuarkX"]
[Black "Hossa"]
[Result "1-0"]
[WhiteElo "2606"]
[BlackElo "2526"]
[PlyCount "121"]
[EventDate "2001.??.??"]

1. e4 c5 2. Nf3 Nc6 3. d4 cxd4 4. Nxd4 Qc7 5. c4 Nxd4 6. Qxd4 e5 7. Qd3 Nf6 8.
Nc3 Bb4 9. Bd2 Qc6 10. Nd5 Nxd5 11. cxd5 Qc5 12. Be2 f5 13. exf5 O-O 14. g4
Bxd2+ 15. Qxd2 d6 16. O-O Qb6 17. a4 h5 18. h3 Qd8 19. f4 hxg4 20. hxg4 exf4
21. Rxf4 Qg5 22. Kh2 Rf6 23. Rd4 Qh4+ 24. Kg2 Rh6 25. Bf3 Bd7 26. Kf1 Rf8 27.
Ra3 Rhf6 28. Bg2 Bxf5 29. gxf5 Rxf5+ 30. Kg1 Qf6 31. Qe3 Re5 32. Qg3 Rh5 33.
Rb4 Qh6 34. Qe3 Rf7 35. Qe8+ Rf8 36. Qe6+ Qxe6 37. dxe6 b6 38. Rd3 Re5 39. Rxd6
Re1+ 40. Kh2 Re2 41. Kg3 g5 42. Bd5 Kh8 43. Kg4 Re5 44. Rd4 Rf2 45. Rd8+ Kg7
46. Rd7+ Kh6 47. e7 Rh2 48. Be4 Rh4+ 49. Kf3 Rf4+ 50. Ke3 Kh5 51. Rxa7 Rf1 52.
b4 g4 53. Rd5 Rff5 54. Kd4 Re6 55. Bxf5 Re1 56. Be4+ Kh4 57. e8=Q Rf1 58. Rh7+
Kg3 59. Qe5+ Kf2 60. Rh2+ Ke1 61. Bf3# {Hossa checkmated} 1-0

[Event "ICS rated bullet match"]
[Site "204.178.125.65"]
[Date "2001.08.09"]
[Round "?"]
[White "Hossa"]
[Black "QuarkX"]
[Result "0-1"]
[WhiteElo "2530"]
[BlackElo "2565"]
[PlyCount "136"]
[EventDate "2001.??.??"]

1. d4 Nf6 2. c3 d6 3. g3 e5 4. dxe5 dxe5 5. Qxd8+ Kxd8 6. Bg2 h6 7. Nd2 Be7 8.
Nc4 e4 9. Bf4 Be6 10. Nd2 Bd5 11. c4 Bc6 12. O-O-O Kc8 13. Nb3 Na6 14. Bh3+ Bd7
15. Nd4 g6 16. Nb5 g5 17. Bd2 g4 18. Bg2 Bc6 19. Be3 Bxb5 20. cxb5 Nc5 21. Kb1
a6 22. Rc1 b6 23. bxa6 Rxa6 24. h3 h5 25. Bg5 Re8 26. Bf4 Nd5 27. Bd2 Ra7 28.
hxg4 hxg4 29. Rh7 f5 30. Rh5 Rf8 31. Rc4 c6 32. Rh7 Nf6 33. Rh1 Rd8 34. Rc2
Rad7 35. Bc1 Kb7 36. b3 Rd1 37. Kb2 Nd5 38. Kb1 Bf6 39. Rd2 Nc3+ 40. Kc2 Nd3
41. Rxd3 R8xd3 42. Bg5 Bxg5 43. Rh7+ Rd7 44. Rxd7+ Rxd7 45. Kxc3 Bd2+ 46. Kc2
Be1 47. f3 Rd2+ 48. Kb1 Bxg3 49. Kc1 Rxa2 50. Kb1 Rd2 51. fxg4 Rd1+ 52. Kc2
Rxg1 53. Bh3 Rh1 54. Bg2 Rh2 55. gxf5 Rxg2 56. Kd1 Rf2 57. f6 Rxf6 58. Kd2 Bf4+
59. Kc3 Rd6 60. b4 e3 61. Kc4 Rd2 62. b5 cxb5+ 63. Kxb5 Rxe2 64. Kc4 Rc2+ 65.
Kd4 e2 66. Kd5 e1=Q 67. Kd4 Qe5+ 68. Kd3 Rc3# {Hossa checkmated} 0-1

[Event "ICS rated bullet match"]
[Site "204.178.125.65"]
[Date "2001.08.09"]
[Round "?"]
[White "QuarkX"]
[Black "Hossa"]
[Result "1-0"]
[WhiteElo "2594"]
[BlackElo "2516"]
[PlyCount "125"]
[EventDate "2001.??.??"]

1. e4 c5 2. Nf3 Nc6 3. d4 cxd4 4. Nxd4 g6 5. c4 Nf6 6. Nc3 d6 7. Be2 Nxd4 8.
Qxd4 Bg7 9. Bg5 O-O 10. Qe3 Ng4 11. Bxg4 Bxg4 12. f3 Be6 13. c5 Qc7 14. cxd6
Qxd6 15. Bh6 Bd4 16. Qf4 Qb4 17. Qd2 Rfd8 18. O-O-O Qa5 19. Qxd4 Rxd4 20. Rxd4
Rc8 21. Kb1 g5 22. Rhd1 f6 23. R1d2 Kf7 24. f4 Qc7 25. fxg5 Qxh2 26. Ra4 a6 27.
Rb4 b5 28. Rbd4 Bg4 29. a4 Rc5 30. Nd5 bxa4 31. Rxa4 a5 32. b4 axb4 33. Ka2 Rb5
34. Kb3 Bf3 35. gxf3 Qh1 36. Kc4 Qf1+ 37. Rd3 Rb8 38. gxf6 Rc8+ 39. Kd4 Qf2+
40. Ke5 Qb2+ 41. Kf4 Qh2+ 42. Kg4 Rg8+ 43. Bg7 h5+ 44. Kf5 e6+ 45. Kg5 exd5 46.
Ra7+ Ke6 47. Re7+ Kd6 48. Rxd5+ Kc6 49. Kg6 b3 50. Rxh5 Qf2 51. Re6+ Kd7 52.
Kf7 Rc8 53. Rd5+ Kc7 54. Ke7 Rg8 55. Bh6 Qh4 56. Rc5+ Kb7 57. Rb5+ Kc7 58. Rbb6
Re8+ 59. Kxe8 Qh5+ 60. f7 Qe5 61. Bf4 b2 62. Bxe5+ Kc8 63. Rec6# {
Hossa checkmated} 1-0

[Event "ICS rated blitz match"]
[Site "204.178.125.65"]
[Date "2001.08.09"]
[Round "?"]
[White "Hossa"]
[Black "AlperEfe"]
[Result "1-0"]
[WhiteElo "2514"]
[BlackElo "2107"]
[PlyCount "41"]
[EventDate "2001.??.??"]

1. c4 Nf6 2. g3 g6 3. Bg2 Bg7 4. d4 O-O 5. Nc3 d6 6. Nh3 c6 7. O-O Qc7 8. e4
Nbd7 9. f4 e5 10. fxe5 dxe5 11. d5 Nc5 12. Nf2 Rd8 13. Be3 Nfd7 14. b4 Na6 15.
d6 Qb8 16. Rb1 Bf8 17. c5 b5 18. Ng4 Bg7 19. Qb3 Rf8 20. h3 h5 21. Nh6+ {
AlperEfe resigns} 1-0

[Event "ICS Rated blitz match"]
[Site "204.178.125.65"]
[Date "2001.08.09"]
[Round "?"]
[White "AlperEfe"]
[Black "Hossa"]
[Result "0-1"]
[WhiteElo "2104"]
[BlackElo "2517"]
[PlyCount "80"]
[EventDate "2001.??.??"]

1. Nf3 Nf6 2. d4 g6 3. c4 Bg7 4. Nc3 O-O 5. e4 d6 6. Be2 e5 7. O-O exd4 8. Nxd4
Re8 9. f3 c6 10. Kh1 Na6 11. Bf4 Nh5 12. Be3 Bd7 13. Nc2 Be5 14. f4 Bxc3 15.
bxc3 Nf6 16. e5 Bf5 17. Nd4 dxe5 18. Nxf5 gxf5 19. fxe5 Qxd1 20. Raxd1 Rxe5 21.
Bd4 Rxe2 22. Bxf6 Nc5 23. Rxf5 Ne4 24. Bd4 b6 25. Rdf1 c5 26. Be5 Re8 27. Bg3
Nd2 28. Rg1 Nxc4 29. Bh4 Rxa2 30. Bf6 Ree2 31. Rg5+ Kf8 32. h4 a5 33. h5 Rf2
34. Bg7+ Ke7 35. h6 f6 36. Rg4 Ne5 37. Re4 Kf7 38. Kh2 Nf3+ 39. Kh1 Rxg2 40.
Rxg2 Ra1+ {AlperEfe resigns} 0-1

[Event "ICS rated blitz match"]
[Site "204.178.125.65"]
[Date "2001.08.09"]
[Round "?"]
[White "Hossa"]
[Black "AlperEfe"]
[Result "1-0"]
[WhiteElo "2520"]
[BlackElo "2078"]
[PlyCount "81"]
[EventDate "2001.??.??"]

1. d4 c5 2. d5 Nf6 3. Nc3 e6 4. dxe6 fxe6 5. e4 Nc6 6. Bg5 Be7 7. Qd2 O-O 8.
O-O-O Rb8 9. Bf4 e5 10. Bg3 d6 11. Bc4+ Kh8 12. Nf3 a6 13. Ng5 Qe8 14. Nd5 Nxd5
15. Bxd5 Nd4 16. h4 b5 17. c3 b4 18. cxd4 cxd4 19. Kb1 b3 20. Bxb3 Rxb3 21.
axb3 h6 22. Nf3 Be6 23. Qd3 Qb8 24. Qxa6 Qxb3 25. Rd3 Qb4 26. Nxe5 Rb8 27. Qa3
Qxa3 28. Rxa3 dxe5 29. Bxe5 Rb7 30. Rd3 Bc5 31. Rc1 Ba7 32. Bxd4 Rd7 33. Rc6
Bf7 34. Bxg7+ Kxg7 35. Rxd7 Bb8 36. Rb6 Be5 37. Rbb7 Kg6 38. Rxf7 h5 39. f4 Bd4
40. f5+ Kh6 41. Rh7# {AlperEfe checkmated} 1-0

[Event "ICS rated blitz match"]
[Site "204.178.125.65"]
[Date "2001.08.09"]
[Round "?"]
[White "AlperEfe"]
[Black "Hossa"]
[Result "1-0"]
[WhiteElo "2076"]
[BlackElo "2522"]
[PlyCount "73"]
[EventDate "2001.??.??"]

1. c4 e5 2. Nc3 Nf6 3. Nf3 d6 4. d4 Nbd7 5. g3 Be7 6. Bg2 exd4 7. Nxd4 O-O 8.
O-O Ne5 9. b3 Re8 10. h3 c6 11. e4 Bd7 12. Be3 Ng6 13. f4 Qc8 14. Kh2 Bd8 15.
Qd2 Ba5 16. Qd3 Bxc3 17. Qxc3 Nxe4 18. Qd3 d5 19. Rac1 dxc4 20. Rxc4 Nd6 21.
Rcc1 Ne7 22. g4 Rd8 23. f5 Qc7 24. Bf4 Be8 25. Qe3 Nec8 26. Kh1 Bd7 27. Nb5 Qb8
28. Nxd6 Nxd6 29. Qg3 Be8 30. Rcd1 Nxf5 31. gxf5 Rd3 32. Rxd3 Qxf4 33. Qxf4 Rc8
34. f6 Ra8 35. Qg5 g6 36. Qh6 Rd8 37. Qg7# {Hossa checkmated} 1-0

[Event "ICS rated blitz match"]
[Site "204.178.125.65"]
[Date "2001.08.09"]
[Round "?"]
[White "Hossa"]
[Black "DOLATA"]
[Result "1-0"]
[WhiteElo "2495"]
[BlackElo "2054"]
[PlyCount "79"]
[EventDate "2001.??.??"]

1. c4 d6 2. Nc3 e5 3. Nf3 Nf6 4. d4 exd4 5. Nxd4 Be7 6. e4 O-O 7. Be2 Nc6 8.
Nxc6 bxc6 9. O-O Re8 10. Bf4 h6 11. e5 Nh7 12. Bg3 Be6 13. Qa4 Bd7 14. Rfd1 c5
15. Qc2 Bc6 16. Nd5 Bf8 17. Bd3 Ng5 18. f4 Ne6 19. Be4 Nd4 20. Qd3 Rb8 21. b3
Bd7 22. exd6 Bxd6 23. Nc3 Qf6 24. Re1 Rbd8 25. Nd5 Qe6 26. Bh7+ Kh8 27. Rxe6
fxe6 28. Nc3 Be7 29. Bg6 Rf8 30. Ne4 Bc6 31. Re1 a5 32. Qd1 a4 33. bxa4 Ra8 34.
Nc3 Rfd8 35. Be4 Bf6 36. Qh5 Be8 37. Qxc5 Nf5 38. Qf8+ Kh7 39. Bxa8 e5 40. fxe5
{DOLATA resigns} 1-0

[Event "ICS rated blitz match"]
[Site "204.178.125.65"]
[Date "2001.08.09"]
[Round "?"]
[White "hasan5"]
[Black "Hossa"]
[Result "0-1"]
[WhiteElo "2054"]
[BlackElo "2497"]
[PlyCount "52"]
[EventDate "2001.??.??"]

1. d4 Nf6 2. f4 e6 3. e3 c5 4. Nf3 d5 5. c3 Nc6 6. Bd3 Bd7 7. O-O c4 8. Bc2 Bd6
9. Bd2 a6 10. Be1 Ng4 11. Bf2 Nxf2 12. Rxf2 b6 13. Nbd2 f6 14. g3 f5 15. Nf1 b5
16. Kg2 b4 17. Bb1 bxc3 18. bxc3 Rb8 19. Bc2 Ba3 20. Ba4 Qc7 21. Rb1 Rxb1 22.
Qxb1 O-O 23. Ne5 Nxe5 24. fxe5 Bxa4 25. Nd2 Rb8 26. Qd1 Bxd1 {hasan5 resigns}
0-1

[Event "ICS rated blitz match"]
[Site "204.178.125.65"]
[Date "2001.08.09"]
[Round "?"]
[White "Tagotis"]
[Black "Hossa"]
[Result "1/2-1/2"]
[WhiteElo "2598"]
[BlackElo "2499"]
[PlyCount "86"]
[EventDate "2001.??.??"]

1. d4 Nf6 2. c4 e6 3. Nc3 Bb4 4. e3 O-O 5. Bd3 d5 6. Nf3 dxc4 7. Bxc4 c5 8. O-O
Qe7 9. a3 Bxc3 10. bxc3 b6 11. Qe2 Bb7 12. Re1 Ne4 13. Bb2 Nd7 14. Bd3 a6 15.
c4 Bc6 16. Qc2 f5 17. Red1 Nd6 18. Ne5 Nxe5 19. dxe5 Nf7 20. Rd2 Qh4 21. f4
Rfd8 22. Qb3 Be4 23. Bxe4 Rxd2 24. Bxa8 Qf2+ 25. Kh1 Rxb2 26. Qa4 Kf8 27. Qxa6
Nd8 28. Qa7 Re2 29. h3 Re1+ 30. Rxe1 Qxe1+ 31. Kh2 Qxe3 32. Qxb6 Qxf4+ 33. g3
Qf2+ 34. Bg2 Ke8 35. Qb3 g6 36. Qa4+ Kf8 37. Qd7 Nf7 38. Qxe6 f4 39. gxf4 Qxf4+
40. Kg1 Qe3+ 41. Kh2 Qf4+ 42. Kh1 Qc1+ 43. Kh2 Qf4+ {Game drawn by repetition}
1/2-1/2

[Event "ICS rated blitz match"]
[Site "204.178.125.65"]
[Date "2001.08.11"]
[Round "?"]
[White "Hossa"]
[Black "Amateur"]
[Result "1-0"]
[WhiteElo "2502"]
[BlackElo "2457"]
[PlyCount "183"]
[EventDate "2001.??.??"]

1. e4 Nc6 2. Nf3 d6 3. d4 Nf6 4. Nc3 Bg4 5. Bb5 d5 6. exd5 Nxd5 7. h3 Bh5 8.
Bxc6+ bxc6 9. Ne4 Bxf3 10. Qxf3 Nb4 11. O-O Qd5 12. Qe2 Qxd4 13. a3 Nd5 14. Rd1
Qe5 15. Qa6 Nb6 16. Nc3 e6 17. Qb7 Bd6 18. Qxc6+ Kf8 19. Nb5 Rd8 20. Nxa7 Qh2+
21. Kf1 Qh1+ 22. Ke2 Qh2 23. Nb5 Nd5 24. Nxd6 cxd6 25. c4 Ne7 26. Qe4 Ng6 27.
Bg5 Rc8 28. Rh1 Qe5 29. Qxe5 Nxe5 30. b3 d5 31. cxd5 exd5 32. Rhd1 Rc2+ 33. Kf1
f6 34. Rac1 Rxc1 35. Bxc1 Ke7 36. Rxd5 Ke6 37. Rc5 Nd3 38. Rc3 Nxc1 39. Rxc1
Ra8 40. Ra1 Ke5 41. Ke2 Kd4 42. Kd2 Ra5 43. Kc2 Rg5 44. Rd1+ Ke4 45. f3+ Ke5
46. Rd2 Ke6 47. b4 Re5 48. Kd3 Rb5 49. Kc4 Rb7 50. Re2+ Kd6 51. a4 Rc7+ 52. Kd4
Rc1 53. Ra2 Rb1 54. Kc4 Rc1+ 55. Kb5 f5 56. Rd2+ Kc7 57. Rd5 Rg1 58. g4 fxg4
59. hxg4 g6 60. g5 Rf1 61. Rd3 Rg1 62. Rc3+ Kd6 63. Rc6+ Ke5 64. a5 Kf4 65. a6
Ra1 66. Kb6 Kxg5 67. Rc5+ Kf4 68. a7 Rxa7 69. Kxa7 g5 70. Rxg5 Kxg5 71. b5 Kf4
72. b6 h5 73. b7 h4 74. b8=Q+ Kxf3 75. Qh2 Kg4 76. Kb7 h3 77. Kc6 Kh4 78. Kd5
Kg4 79. Ke4 Kg5 80. Ke5 Kg6 81. Qc2+ Kg7 82. Qc7+ Kg6 83. Qc6+ Kg5 84. Qf6+ Kg4
85. Qf4+ Kh5 86. Qf5+ Kh6 87. Qf6+ Kh7 88. Qf7+ Kh6 89. Qf8+ Kg6 90. Qg8+ Kh5
91. Kf5 h2 92. Qh8# {Amateur checkmated} 1-0

[Event "ICS rated standard match"]
[Site "204.178.125.65"]
[Date "2001.08.11"]
[Round "?"]
[White "Hossa"]
[Black "Amateur"]
[Result "1-0"]
[WhiteElo "2169"]
[BlackElo "2339"]
[PlyCount "167"]
[EventDate "2001.??.??"]

1. d4 Nf6 2. c4 e6 3. Nf3 Bb4+ 4. Nc3 Ne4 5. Qc2 Nxc3 6. bxc3 Be7 7. e4 Na6 8.
Bd3 O-O 9. e5 h6 10. c5 Re8 11. Bxa6 bxa6 12. Rb1 c6 13. O-O Qc7 14. Bf4 Rb8
15. Rxb8 Qxb8 16. Rb1 Qc7 17. Nd2 Bb7 18. Qd1 Rb8 19. Qg4 Kh7 20. Qh5 Kg8 21.
Nc4 Bc8 22. Rc1 Qd8 23. Qg4 Kh8 24. Qe2 Qf8 25. Bg3 Qg8 26. Qh5 Qf8 27. Bh4
Bxh4 28. Qxh4 f5 29. Qh5 Qd8 30. Qg6 Kg8 31. Nd6 Qf8 32. Ra1 Rb2 33. Nc4 Rb5
34. Qh5 a5 35. a4 Rb3 36. Rc1 Ba6 37. Nd6 Rb2 38. h3 f4 39. c4 f3 40. gxf3 Ra2
41. Qg4 Rxa4 42. f4 Ra2 43. Rc3 Ra1+ 44. Kh2 a4 45. Rg3 Ra2 46. Rg2 Rd2 47. f5
exf5 48. Qf4 Rb2 49. Nxf5 g5 50. Nxh6+ Qxh6 51. Rxg5+ Kh8 52. Rg8+ Kxg8 53.
Qxh6 Rxf2+ 54. Kg3 Rf7 55. Qc1 Rg7+ 56. Kf2 Rf7+ 57. Ke1 Rg7 58. Qc2 Bc8 59.
Qxa4 a6 60. d5 Re7 61. dxc6 Rxe5+ 62. Kd2 Re7 63. Qa5 Re8 64. cxd7 Bxd7 65.
Qxa6 Re6 66. Qb7 Bc6 67. Qc7 Rg6 68. h4 Bf3 69. Ke3 Rf6 70. Qd8+ Kf7 71. Qxf6+
Kxf6 72. Kxf3 Ke7 73. c6 Kd6 74. c7 Kxc7 75. h5 Kd6 76. h6 Kc5 77. h7 Kxc4 78.
Ke4 Kc5 79. h8=Q Kc6 80. Qf8 Kb5 81. Kd5 Ka5 82. Qb8 Ka4 83. Kc4 Ka3 84. Qb3# {
Amateur checkmated} 1-0

[Event "ICS rated blitz match"]
[Site "204.178.125.65"]
[Date "2001.08.11"]
[Round "?"]
[White "Hossa"]
[Black "Tinker"]
[Result "1/2-1/2"]
[WhiteElo "2516"]
[BlackElo "2484"]
[PlyCount "143"]
[EventDate "2001.??.??"]

1. d4 Nf6 2. Nf3 e6 3. c4 d5 4. Nc3 Be7 5. Bf4 O-O 6. e3 c5 7. dxc5 Bxc5 8.
cxd5 Nxd5 9. Nxd5 exd5 10. Bd3 Bb4+ 11. Nd2 Qh4 12. O-O Bxd2 13. Qxd2 Nc6 14.
Rac1 Be6 15. Bg3 Qf6 16. Bb1 Rad8 17. Qd3 Qh6 18. Qb5 Rd7 19. Qe2 d4 20. Rc5
dxe3 21. fxe3 Rd5 22. Rxd5 Bxd5 23. e4 Qe6 24. b3 f5 25. e5 Rf7 26. Qe3 Qc8 27.
Qd2 Be6 28. Qf4 Qf8 29. Re1 Rd7 30. Bf2 Rd5 31. g4 g6 32. gxf5 gxf5 33. Kh1 Ra5
34. Re3 Ne7 35. Be1 Ng6 36. Qg5 Rd5 37. Bc2 Rd7 38. h3 Bd5+ 39. Kh2 Rg7 40. Rg3
Nxe5 41. Qf4 Rxg3 42. Qxg3+ Ng6 43. Qc7 Bc6 44. Bd3 Qe7 45. Qxe7 Nxe7 46. Bh4
Ng6 47. Bf2 f4 48. Bxg6 hxg6 49. Bxa7 Kh7 50. Bd4 g5 51. Kg1 Kg6 52. Bb6 Kh5
53. Kh2 Be4 54. Kg1 Bd5 55. Ba5 Kh4 56. Kh2 Be4 57. Be1+ Kh5 58. Ba5 Bb1 59. a3
Bc2 60. b4 Ba4 61. Bb6 Bc6 62. Kg1 Kh4 63. Kh2 Be4 64. a4 Kh5 65. a5 Bc6 66.
Bc5 Kh4 67. Bf2+ Kh5 68. Bc5 Be4 69. Bb6 Bd5 70. Bc5 Be4 71. Bb6 Bc6 72. Bc5 {
Game drawn by repetition} 1/2-1/2

[Event "ICS rated blitz match"]
[Site "204.178.125.65"]
[Date "2001.08.11"]
[Round "?"]
[White "Tinker"]
[Black "Hossa"]
[Result "1-0"]
[WhiteElo "2485"]
[BlackElo "2515"]
[PlyCount "131"]
[EventDate "2001.??.??"]

1. e4 c5 2. Nf3 Nc6 3. d4 cxd4 4. Nxd4 Nf6 5. Nc3 e5 6. Ndb5 d6 7. Bg5 a6 8.
Na3 b5 9. Bxf6 gxf6 10. Nd5 f5 11. Bd3 Be6 12. Qh5 Bg7 13. O-O fxe4 14. Bxe4
Rc8 15. g3 b4 16. Nb1 Nd4 17. c3 bxc3 18. Nbxc3 h6 19. Bg2 Rg8 20. Kh1 Rb8 21.
b3 Qd7 22. Ne3 Rc8 23. Rac1 a5 24. Rfd1 Rc5 25. Qh4 d5 26. Na4 Rc6 27. Rc5 Rxc5
28. Nxc5 Qc7 29. Rc1 e4 30. Rc3 Nc6 31. Nxe6 fxe6 32. Qh5+ Kf8 33. Rc1 Qd7 34.
Ng4 Nd8 35. Ne5 Bxe5 36. Qxe5 Qg7 37. Qf4+ Qf7 38. Qxh6+ Ke8 39. Qe3 Rh8 40.
Qe1 Rh7 41. Rc5 Qh5 42. h4 Nb7 43. Rc8+ Kf7 44. b4 a4 45. Ra8 Rh8 46. Ra7 Rb8
47. Qc3 Kg6 48. Qc7 Qh8 49. Rxb7 Qa1+ 50. Kh2 Rxb7 51. Qxb7 Kf6 52. h5 Qd1 53.
Qh7 Ke5 54. Qg7+ Kd6 55. h6 Qh5+ 56. Kg1 e3 57. fxe3 Qd1+ 58. Bf1 Qe1 59. h7
Qxe3+ 60. Kh2 Qd2+ 61. Bg2 Qxb4 62. h8=Q Qb3 63. Qhf8+ Kc6 64. Qc8+ Kb5 65.
Qgb7+ Ka5 66. Qca8# {Hossa checkmated} 1-0

[Event "ICS rated blitz match"]
[Site "204.178.125.65"]
[Date "2001.08.11"]
[Round "?"]
[White "Hossa"]
[Black "Tinker"]
[Result "0-1"]
[WhiteElo "2498"]
[BlackElo "2502"]
[PlyCount "142"]
[EventDate "2001.??.??"]

1. d4 Nf6 2. c4 e6 3. Nf3 d5 4. Nc3 Be7 5. Bg5 h6 6. Bxf6 Bxf6 7. e3 O-O 8. Qd2
dxc4 9. Bxc4 Nd7 10. O-O c5 11. Ne4 Nb6 12. Nxf6+ Qxf6 13. Rfc1 cxd4 14. Qxd4
Qxd4 15. Nxd4 e5 16. Nf3 Nxc4 17. Rxc4 f6 18. Rc7 Rf7 19. Rxf7 Kxf7 20. Rc1 Rb8
21. Rc7+ Kg8 22. h3 Be6 23. b3 Bd5 24. Nh4 Be4 25. f3 Bb1 26. e4 Bxa2 27. Nf5
Bxb3 28. Nxg7 b5 29. Rxa7 Bc4 30. Nh5 Rb6 31. Rg7+ Kf8 32. Rg6 b4 33. Nxf6 Rb7
34. Rxh6 Bf7 35. Nd5 Bxd5 36. Rd6 b3 37. Rxd5 b2 38. Rd1 b1=Q 39. Rxb1 Rxb1+
40. Kh2 Rb3 41. Kg3 Kg7 42. Kg4 Kh6 43. f4 exf4 44. Kxf4 Kg6 45. h4 Rb7 46. g4
Rf7+ 47. Kg3 Rf1 48. e5 Rf7 49. Kg2 Re7 50. e6 Rxe6 51. Kg3 Re3+ 52. Kf4 Ra3
53. h5+ Kh6 54. Kf5 Ra4 55. g5+ Kxh5 56. g6 Rg4 57. Kf6 Rxg6+ 58. Ke5 Kg5 59.
Kd5 Kf4 60. Kc5 Rg5+ 61. Kd4 Re5 62. Kc3 Re4 63. Kd3 Kf3 64. Kc2 Re3 65. Kd2
Kf2 66. Kc2 Ke1 67. Kb1 Kd1 68. Kb2 Kd2 69. Ka1 Rb3 70. Ka2 Kc2 71. Ka1 Ra3# {
Hossa checkmated} 0-1